| 000 | 00474pab a2200181 454500 | ||
|---|---|---|---|
| 008 | 180718b2015 xxu||||| |||| 00| 0 eng d | ||
| 100 | _aGreen, Robert A., Jr. | ||
| 245 | _aContinuous change calls for continuous improvement | ||
| 260 | _c2015 | ||
| 300 | _ap.61-63. | ||
| 362 | _aSpring | ||
| 650 | _aPerformance appraisal | ||
| 650 | _aOrganizational change | ||
| 700 | _aSmith, Michael | ||
| 700 | _aBarford, Ian | ||
| 773 | _aPublic Manager | ||
| 909 | _a108449 | ||
| 999 |
_c108444 _d108444 |
||